00644 2200217 4500001002100000005001700021008004100038035002400079040001200103082000800115084001400123090001800137100002100155245007200176260003400248300003700282650002100319700005600340850001200396990001800408INLIS00000000002213820160825150825.0  0010-081600000000495 aYOPDYOG a811 a811 Hen T aBTR 811 Hen T aHendry Ch Bangun aThe Fifties Selection Antologi 20 Penyairc/ Hendry Ch Bangun, dkk. aJakartabPustaka Spiritc2009 axiiii, 237 hlm.:bilus.;c21 cm. aPuisi-- Kumpulan aAdhre M Massardi, Adri Darmadji woko, Afrizal Anoda aYOPDYOG a52774-PD/A.16